Client-server dBase programming : building mission-critical dBase systems

Bibliographic Details
Main Author: Rinehart, Martin L
Format: Book
Published: New York : Addison-Wesley , 1994
Subjects:

MARC

LEADER 00000cam a2200000 7i4500
001 0000006806
002 000007332
005 20000330.0
020 |a 0201406403 
090 0 0 |a 005.758   |b RIN 
100 1 |a Rinehart, Martin L 
245 1 0 |a Client-server dBase programming :   |b building mission-critical dBase systems   |c Martin L.Rinehart 
260 |a New York :   |b Addison-Wesley ,   |c 1994 
300 |a 325p. ;   |c 24cm. 
650 0 0 |a Client/server computing 
999 |a 040727   |b BUKU   |c PINJAMAN   |e PERPUSTAKAAN KOMUNITI PETALING JAYA